| 000 | 00953cam a22002897a 4500 | ||
|---|---|---|---|
| 003 | CHAP | ||
| 005 | 20220329140131.0 | ||
| 008 | 971013s r 00010 d | ||
| 010 | _a47466 | ||
| 011 | _a48438 | ||
| 035 | _a52584 | ||
| 040 | _cCHAP | ||
| 090 | _aFolleto 5026 | ||
| 100 | 0 | 0 |
_aReyes Castillo, Pedro. _996779 |
| 245 | 1 | 3 | _aLa fauna silvestre en el plan Balancán-Tenosique |
| 260 |
_aXalapa, Ver. : _bInstituto de Investigación sobre Recursos Bióticos |
||
| 300 |
_a45 p. _b: ilus. ; mapa |
||
| 590 |
_aBATCH-UPD _b10 _c20130110 _lUCH01 _h0000 |
||
| 590 |
_aBATCH-UPD _b10 _c20130110 _lUCH01 _h2235 |
||
| 590 |
_aCONVERSION _b10 _c20130109 _lUCH01 _h1326 |
||
| 650 | 1 | 4 |
_aVida silvestre _xTabasco. _9119197 |
| 901 | _aBK | ||
| 942 | _cFOLL | ||
| 949 |
_aFolleto 5026 _bBC _cFOLL _d-117049 _eTS1 _i52584 _si |
||
| 949 |
_aFolleto 5026 _bBC _cFOLL _d-117050 _eTS2 _fc.2 _i52584 _si |
||
| 949 |
_aFolleto 5026 _bBC _cFOLL _d-117051 _eTS2 _fc.3 _i52584 _si |
||
| 999 |
_c47466 _d47466 |
||